[Event "ESP-ch U12 rapid"]
[Site "Salobrena"]
[Date "2024.07.13"]
[Round "3"]
[White "Galvez Ruiz, Antonio"]
[Black "Junhao Ivan, Chen"]
[Result "1-0"]
[WhiteElo "1690"]
[BlackElo "1475"]
[PlyCount "33"]
[EventDate "2024.07.13"]
[EventType "swiss (rapid)"]
[EventRounds "9"]
[EventCountry "ESP"]
[SourceTitle "EXT 2025"]
[Source "ChessBase"]
[SourceDate "2024.10.14"]
[SourceVersion "1"]
[SourceVersionDate "2024.10.14"]
[SourceQuality "1"]

1. e4 c5 2. Nf3 Nc6 3. d4 cxd4 4. Nxd4 Nf6 5. Nc3 e5 6. Ndb5 a6 7. Nd6+ Bxd6 8. Qxd6 Qe7 9. Qd1 0-0 10. Bg5 Qe6 11. Be2 Ne7 12. 0-0 b5 13. a3 Bb7 14. Bxf6 gxf6 15. Bg4 f5 16. exf5 Nxf5 17. Qd3 1-0

[Event "ESP-ch U12"]
[Site "Salobrena"]
[Date "2024.07.08"]
[Round "1"]
[White "Junhao Ivan, Chen"]
[Black "Vila Castillo, Jaime"]
[Result "0-1"]
[WhiteElo "1555"]
[BlackElo "1813"]
[PlyCount "96"]
[EventDate "2024.07.08"]
[EventType "swiss"]
[EventRounds "9"]
[EventCountry "ESP"]
[SourceTitle "EXT 2025"]
[Source "ChessBase"]
[SourceDate "2024.10.14"]
[SourceVersion "1"]
[SourceVersionDate "2024.10.14"]
[SourceQuality "1"]

1. e4 e5 2. Nf3 Nc6 3. d4 exd4 4. Nxd4 Bc5 5. Be3 Qf6 6. c3 Nge7 7. Bc4 0-0 8. Nxc6 Qxc6 9. Bxc5 Qxc5 10. Nd2 d5 11. exd5 Nxd5 12. 0-0 Be6 13. Qb3 Rab8 14. a4 Rfd8 15. Rad1 Qb6 16. Ne4 Qxb3 17. Bxb3 Nxc3 18. Rxd8+ Rxd8 19. Bxe6 Nxe4 20. Bg4 g6 21. Rc1 f5 22. Bf3 c6 23. h3 Rd2 24. Bxe4 fxe4 25. Re1 Rxb2 26. Rxe4 b5 27. Re7 bxa4 28. Rxa7 Rb1+ 29. Kh2 Rb4 30. Ra6 c5 31. Kg3 Rb3+ 32. Kf4 a3 33. Ra5 c4 34. Ke4 Rd3 35. Ra4 Kg7 36. Rxc4 a2 37. Ra4 Rd2 38. Ke3 Rb2 39. g4 g5 40. f4 gxf4+ 41. Kxf4 Rb4+ 42. Rxb4 a1Q 43. Rb7+ Kf6 44. Rb6+ Ke7 45. Rb7+ Kd6 46. Rxh7 Qe5+ 47. Kf3 Qc3+ 48. Kf4 Qd2+ 0-1